| 000 | 00000cam 2200000zi 4500 |
| 001 | 9.930935 |
| 003 | CaOODSP |
| 005 | 20251215103311 |
| 006 | m o d f |
| 007 | cr mn||||||||| |
| 008 | 231128e202312 quc ob f000 0 eng d |
| 020 | |a9780660690742 |
| 040 | |aCaOODSP|beng|erda|cCaOODSP |
| 043 | |an-cn--- |
| 086 | 1 |aEn14-534/2023E-PDF |
| 245 | 00|aReducing enteric methane emissions from beef cattle : |bfederal offset protocol. |
| 246 | 17|aDraft reducing enteric methane emissions from beef cattle, version 1.0 |
| 264 | 1|aGatineau, Quebec : |bEnvironment and Climate Change Canada = Environnement et changement climatique Canada, |cDecember 2023. |
| 264 | 4|c©2023 |
| 300 | |a1 online resource (v, 38 pages) |
| 336 | |atext|btxt|2rdacontent |
| 337 | |acomputer|bc|2rdamedia |
| 338 | |aonline resource|bcr|2rdacarrier |
| 500 | |aIssued also in French under title: Réduction des émissions de méthane entérique des bovins de boucherie : protocole fédéral de crédits compensatoires. |
| 500 | |aTitle from cover. |
| 500 | |a"Public consultation draft, December 2023." |
| 500 | |a"Canada's greenhouse gas offset credit system." |
| 500 | |a"EC23040"--Page [ii]. |
| 504 | |aIncludes bibliographical references. |
| 650 | 0|aBeef cattle|xFeeding and feeds|xEnvironmental aspects|zCanada. |
| 650 | 0|aMethane|xEnvironmental aspects|zCanada. |
| 650 | 0|aGreenhouse gas mitigation|zCanada. |
| 710 | 1 |aCanada. |bEnvironment and Climate Change Canada, |eissuing body. |
| 775 | 08|tRéduction des émissions de méthane entérique des bovins de boucherie : |w(CaOODSP)9.930936 |
| 856 | 40|qPDF|s564 KB|uhttps://publications.gc.ca/collections/collection_2024/eccc/En14-534-2023-eng.pdf |
| 856 | 4 |qHTML|sN/A|uhttps://webarchiveweb.wayback.bac-lac.canada.ca/web/20250521125145/https://www.canada.ca/en/environment-climate-change/services/climate-change/pricing-pollution-how-it-will-work/output-based-pricing-system/federal-greenhouse-gas-offset-system/protocols/draft-reducing-enteric-methane-emissions-beef-cattle.html |
| 986 | |aEC23040 |